BIBLIOTECA

SENCICO

SOS Salvemos la Tierra. Reciclamiento de la basura. Reforestación. Protección a las especies amenazadas (Registro nro. 1304)

Detalles MARC
000 -LEADER
fixed length control field 00747nam a2200277Ia 4500
005 - DATE AND TIME OF LATEST TRANSACTION
control field 20251020182506.0
008 - FIXED-LENGTH DATA ELEMENTS--GENERAL INFORMATION
fixed length control field 200515s9999 xx 000 0 und d
020 ## - INTERNATIONAL STANDARD BOOK NUMBER
International Standard Book Number 978-607-17-0963-9
082 ## - DEWEY DECIMAL CLASSIFICATION NUMBER
Classification number 628.4/O52
100 ## - MAIN ENTRY--PERSONAL NAME
Personal name Ondarza, Raúl N.
245 #0 - TITLE STATEMENT
Title SOS Salvemos la Tierra. Reciclamiento de la basura. Reforestación. Protección a las especies amenazadas
250 ## - EDITION STATEMENT
Edition statement 1a ed.
260 ## - PUBLICATION, DISTRIBUTION, ETC.
Place of publication, distribution, etc. México, D.F.
260 ## - PUBLICATION, DISTRIBUTION, ETC.
Name of publisher, distributor, etc. Trillas
260 ## - PUBLICATION, DISTRIBUTION, ETC.
Date of publication, distribution, etc. 2011
300 ## - PHYSICAL DESCRIPTION
Extent 210 p.
300 ## - PHYSICAL DESCRIPTION
Other physical details il., tbl., graf., map., fot., col.
500 ## - GENERAL NOTE
General note 1 ejemplar
650 ## - SUBJECT ADDED ENTRY--TOPICAL TERM
Topical term or geographic name entry element AGUA
650 ## - SUBJECT ADDED ENTRY--TOPICAL TERM
Topical term or geographic name entry element ECOLOGIA
650 ## - SUBJECT ADDED ENTRY--TOPICAL TERM
Topical term or geographic name entry element EVOLUCION
650 ## - SUBJECT ADDED ENTRY--TOPICAL TERM
Topical term or geographic name entry element HOMBRE - INFLUENCIA EN LA NATURALEZA
650 ## - SUBJECT ADDED ENTRY--TOPICAL TERM
Topical term or geographic name entry element VIDA - ORIGEN
942 ## - ADDED ENTRY ELEMENTS (KOHA)
Koha item type Libros
Existencias
Fecha de la última vez que lo usaron Pago total Signatura topográfica completa Código de barras Precio efectivo desde Tipo de documento Estado perdido Estado dañado No es para préstamo Retirado Ubicación permanente Ubicación actual Fecha de adquisición
15/05/2020   628.4/O52 Bib-Lima15051304 15/05/2020 Libros         Biblioteca Central Lima Biblioteca Central Lima 15/05/2020